| 000 | 00367nam a2200145Ia 4500 | ||
|---|---|---|---|
| 008 | 230917s9999||||xx |||||||||||||| ||und|| | ||
| 040 |
_e28204 _aMAIN |
||
| 041 | _aEnglish | ||
| 082 | _a613.7 H284P | ||
| 100 | _aHalfield, FrEderick C | ||
| 245 | 0 | _aPower: A scientific approach | |
| 260 |
_aChicago _bContemporary books inc _c1989 |
||
| 300 | _a546 p. | ||
| 942 | _cBK | ||
| 999 |
_c99189 _d99189 |
||